| 000 | 00644cam a2200229 4500 | ||
|---|---|---|---|
| 001 | M60307 | ||
| 008 | 000000n2000 000 0 eng u | ||
| 035 | _a(Sirsi) u105250 | ||
| 041 | _aeng | ||
| 050 | _a333.332 | ||
| 110 |
_aRoyal Institution of Chartered Surveyors _94900 |
||
| 245 | _aRICS Appraisal and valuation manual. - Amendment 12 (March 2000) | ||
| 260 |
_aLondon _bRICS _c2000 |
||
| 300 | _aca.30p. ; 30cm. | ||
| 350 | _a0 | ||
| 650 | _aAMENDMENT 12 | ||
| 650 | _aAPPRAISAL AND VALUATION MANUAL | ||
| 650 | _aRICS APPRAISAL AND VALUATION MANUAL | ||
| 650 | _aWHITE BOOK | ||
| 690 | _aRATING AND VALUATION | ||
| 942 | _n0 | ||
| 999 |
_c100340 _d100340 |
||